000 01279nam a2200241Ia 4500
003 Ost
005 20260416102351.0
008 260416s9999||||xx |||||||||||||| ||und||
040 _cfsecg
041 _aara
082 _a658.80183
100 _aلوشان، وليد
_eمؤلف
245 0 _aنظم المعلومات التسويقية /
_c وليد لوشان
260 _aالجزائر
_bجامعة الجزائر3: كلية العلوم الإقتصادية، العلوم التجارية وعلوم التسيير
_c2016
300 _a105 ورقة
_bايضاحات
_c30 سم
504 _aمراجع ص.104
520 _aمبادئ وأساسيات التسويق، نظام المعلومات ومختلف أساسياته، نظم المعلومات التسويقية-الأدوات والاستراتيجيات-، دور نظم المعلومات التسويقية في صنع القرارات التسويقية
653 _aالتسويق
653 _aالتسويق-خدمات المعلومات
653 _aنظم المعلومات- المؤسسة الممتدة
710 _aجامعة الجزائر3: كلية العلوم الإقتصادية، العلوم التجارية وعلوم التسيير
_eناشر علمي
942 _cHANDOUT
999 _c41005
_d41005